00724nam a2200193 i 450000100060000000300090000600500170001500700030003200800410003502000180007610000360009424501970013026000680032730000090039550400320040470000350043670000260047185200330049740346ES-MaACL20230906160211.0t|030305s1986 sp ||||1| spa d a84-600-4605-21 aCarrascosa López, Valentín.13aEl juicio de faltas b: estudio teórico-práctico adaptado a la nueva Ley Orgánica del Poder Judicial / cValentín Carrascosa López, José Carretero Domínguez, Pedro Melo Alvarado. a[S.l. : bs.n., c1986] (eMérida : fArtes Gráficas Boysu) a1 v. aBibliografía: p. 267-269.1 aCarretero Domínguez, José.1 aMelo Alvarado, Pedro. aES-MaACLjL-11085 bR.112697